Normal view MARC view

Entry Personal Name

Number of records used in: 1

001 - CONTROL NUMBER

  • control field: 848962

003 - CONTROL NUMBER IDENTIFIER

  • control field: OSt

005 - DATE AND TIME OF LATEST TRANSACTION

  • control field: 20251021140820.0

008 - FIXED-LENGTH DATA ELEMENTS

  • fixed length control field: 251021|| aca||aabn | a|a d

040 ## - CATALOGING SOURCE

  • Original cataloging agency: OSt
  • Transcribing agency: OSt

100 ## - HEADING--PERSONAL NAME

  • Personal name: शर्मा, सावित्री

670 ## - SOURCE DATA FOUND

  • Source citation: Work cat.: (OSt)324465: शर्मा, सावित्री, भगवतीचरण वर्मा के उपन्यास:, 1969.
Copyright @ Delhi University Library System